|
|
|
|
| LEADER |
00708nam a2200193 i 4500 |
| 001 |
publ21570 |
| 005 |
20210604140956.0 |
| 008 |
210604s2009 hu o 0|| zxx d |
| 020 |
|
|
|a 9789639650503
|
| 024 |
7 |
|
|a 1593164
|2 mtmt
|
| 040 |
|
|
|a SZTE Publicatio Repozitórium
|b hun
|
| 041 |
|
|
|a zxx
|
| 100 |
1 |
|
|a Soós Edit
|
| 245 |
1 |
0 |
|a Határon átnyúló együttműködések Magyarországon
|h [elektronikus dokumentum] /
|c Soós Edit
|
| 260 |
|
|
|a Pólay Elemér Alapítvány
|b Szeged
|c 2009
|
| 300 |
|
|
|a 260
|
| 490 |
0 |
|
|a A Pólay Elemér Alapítvány könyvtára
|v 27
|
| 700 |
0 |
1 |
|a Fejes Zsuzsanna
|e aut
|
| 856 |
4 |
0 |
|u http://publicatio.bibl.u-szeged.hu/21570/1/HataronatnyuloegyuttmukodesekMagyarorszagon.pdf
|z Dokumentum-elérés
|